| 000 | 00599pab a2200205 454500 | ||
|---|---|---|---|
| 008 | 180718b2001 xxu||||| |||| 00| 0 eng d | ||
| 100 | _aRangi, P.S. | ||
| 245 | _aProblems of small and marginal farmers in marketing of fruits and vegetables in Punjab | ||
| 260 | _c2001 | ||
| 300 | _ap.19-26 | ||
| 362 | _aJan-Jun | ||
| 650 | _aMarketing - India - Punjab | ||
| 650 | _aVegetables - India - Punjab | ||
| 650 | _aFruit - India - Punjab | ||
| 650 | _aFarmers - India - Punjab | ||
| 650 | _aFarmers | ||
| 700 | _aSidhu, M.S. | ||
| 773 | _aPolitical Economy Journal of India | ||
| 909 | _a49835 | ||
| 999 |
_c49835 _d49835 |
||